[Event "Rheinhausen-ch 13th"]
[Site "Duisburg Rheinhausen"]
[Date "2009.01.09"]
[Round "1"]
[White "Junker, Bernd"]
[Black "Lutzer, Marius"]
[Result "1-0"]
[WhiteElo "1666"]
[BlackElo "778"]
[PlyCount "91"]
[EventDate "2009.01.09"]
[EventType "swiss"]
[EventRounds "7"]
[EventCountry "GER"]
[SourceTitle "EXT 2018"]
[Source "ChessBase"]
[SourceDate "2017.10.13"]
[SourceVersion "1"]
[SourceVersionDate "2017.10.13"]
[SourceQuality "1"]

1. c4 e5 2. Nc3 Bb4 3. Qc2 Nf6 4. Nf3 Nc6 5. g3 d6 6. Bg2 Bg4 7. e3 Bxf3 8. Bxf3 Qe7 9. d3 0-0-0 10. a3 Bxc3+ 11. Qxc3 Rde8 12. b4 e4 13. Bg2 d5 14. cxd5 Nxd5 15. Qc4 Ne5 16. Qxe4 Nf6 17. Qxb7+ Kd8 18. 0-0 Nxd3 19. Rd1 Qd7 20. Qc6 Qf5 21. Qf3 Qg6 22. Qe2 Ke7 23. Rxd3 Rd8 24. Rxd8 Rxd8 25. Bb2 Ne4 26. Rd1 Nd6 27. Qd3 Qxd3 28. Rxd3 h5 29. Bxg7 Rg8 30. Be5 f6 31. Bxd6+ cxd6 32. Rd4 Rh8 33. Rh4 Ke6 34. Bf3 Rc8 35. Rxh5 Kf7 36. Rh7+ Kg8 37. Rxa7 Rc1+ 38. Kg2 Ra1 39. b5 Kf8 40. b6 Rb1 41. b7 Ke7 42. b8Q+ Ke6 43. Qe8+ Kf5 44. Qe4+ Kg5 45. Rg7+ Kh6 46. Qg6# 1-0

[Event "Rheinhausen-ch 12th"]
[Site "Duisburg Rheinhausen"]
[Date "2008.02.15"]
[Round "5"]
[White "Lutzer, Marius"]
[Black "Schumacher, Timo"]
[Result "0-1"]
[WhiteElo "756"]
[BlackElo "1136"]
[PlyCount "80"]
[EventDate "2008.01.11"]
[EventType "swiss"]
[EventRounds "7"]
[EventCountry "GER"]
[SourceTitle "EXT 2018"]
[Source "ChessBase"]
[SourceDate "2017.10.13"]
[SourceVersion "1"]
[SourceVersionDate "2017.10.13"]
[SourceQuality "1"]

1. e4 e5 2. Nf3 Nc6 3. Bc4 Bc5 4. d3 Nf6 5. Nc3 d6 6. Be3 Bxe3 7. fxe3 0-0 8. Qe2 Qe7 9. 0-0-0 Be6 10. Nd5 Bxd5 11. exd5 Nb4 12. e4 Rab8 13. Qd2 a5 14. a3 b5 15. Bb3 Na6 16. Qxa5 Nc5 17. Qc3 Ng4 18. Rhf1 Ne3 19. Rf2 Nxd1 20. Kxd1 Nxb3 21. Qxb3 Rfc8 22. d4 Qf6 23. Re2 exd4 24. e5 dxe5 25. Nxe5 Qf1+ 26. Re1 Qxg2 27. d6 Qf2 28. d7 Rf8 29. d8Q Rbxd8 30. Qxb5 Rfe8 31. Nd3 Rxe1+ 32. Nxe1 Kf8 33. Nd3 Qg1+ 34. Kd2 Qxh2+ 35. Kd1 Re8 36. Kc1 Qg1+ 37. Kd2 Qe3+ 38. Kd1 Qe2+ 39. Kc1 Qf1+ 40. Kd2 Re2# 0-1